Vzťah Obchodného zákonníka a Občianskeho zákonníka s akcentom na vybrané inštitúty obchodného záväzkového práva

Problematika vzťahu Obchodného zákonníka a Občianskeho zákonníka. Obchodné záväzkové vzťahy. Niektoré problémy vyplývajúce z aplikácie Občianského zákonníka na obchodné záväzkové vzťahy. Zmluvné typy upravené len v Občianskom zákonníku a ich použitie v obchodnozáväzkových vzťahoch. Právny režim zabe...

Descrizione completa

Salvato in:
Dettagli Bibliografici
Autore principale: Ovečková, Oľga
Natura: Capitolo di libro
Lingua:slovacco
Soggetti:
Tags: Aggiungi Tag
Nessun Tag, puoi essere il primo ad aggiungerne!!

MARC

LEADER 00000naa$a2200000$$$4500
001 0081922
005 20231102092252.3
041 0 |a slo 
044 |a SK 
245 1 0 |a Vzťah Obchodného zákonníka a Občianskeho zákonníka s akcentom na vybrané inštitúty obchodného záväzkového práva  |c Oľga Ovečková 
520 |a Problematika vzťahu Obchodného zákonníka a Občianskeho zákonníka. Obchodné záväzkové vzťahy. Niektoré problémy vyplývajúce z aplikácie Občianského zákonníka na obchodné záväzkové vzťahy. Zmluvné typy upravené len v Občianskom zákonníku a ich použitie v obchodnozáväzkových vzťahoch. Právny režim zabezpečovania obchodných záväzkovách vzťahov 
610 2 0 |a vzťahy obchodné záväzkové 
610 2 0 |a zákonník občiansky 
610 2 0 |a zákonník obchodný 
100 1 |a Ovečková, Oľga